000 01280nam0a2200361 4500
001 RU\NLR\bibl\1348288
005 20250615173003.0
010 _a978-5-91439-007-2
_92000
021 _aRU
_b2009-5903
_9337
035 _a(NLR Aleph) 001333396
090 _a814754
_c814754
100 _a20090330d2008 |||y0rusy50 ca
101 0 _arus
102 _aRU
105 _aa |||||||||
200 1 _aМир и я ...
_fК.В. Бороденко, Е.В. Некрасова, В.А. Бороденко
210 _aМосква
_cСФК Инвест
_d2008
215 _a303 с.
_cил.
_d21
320 _aБиблиогр.: с. 303
606 1 _aВселенная
_9984800
_3RU\NLR\auth\6652938
606 1 _aГеография
_91002053
_3RU\NLR\auth\6662461
607 _aЗемля, планета
_91408991
_3RU\NLR\auth\66281696
686 _aВ632.93
686 _aВ65
686 _aД8
700 1 _aБороденко
_bК. В.
_gКонстантин Владимирович
_4070
701 1 _aНекрасова
_bЕ. В.
_gЕлена Владимировна
_4070
701 1 _aБороденко
_bВ. А.
_gВладимир Антонович
_4070
801 0 _aRU
_bNLR
_c20090330
_gRCR
801 1 _aRU
_bNLR
_c20090330
942 _cBOOK
980 _aNB